[Event "4th London Classic Open"]
[Site "London ENG"]
[Date "2012.12.09"]
[Round "9"]
[White "Shaw, John"]
[Black "Guerrero, Andres"]
[Result "0-1"]
[WhiteTitle "GM"]
[WhiteElo "2435"]
[BlackElo "2206"]
[WhiteFideId "2400553"]
[BlackFideId "3902048"]
[EventDate "2012.12.01"]

1. e4 c5 2. b3 b6 3. Bb2 Bb7 4. Nc3 Nc6 5. g3 d6 6. Bg2 Nd4 7. Nge2 g6 8. Nxd4
cxd4 9. Nd5 Bg7 10. O-O e6 11. Nf4 Ne7 12. c3 dxc3 13. dxc3 O-O 14. Qd2 d5 15.
exd5 Nxd5 16. Rad1 Nxf4 17. Bxb7 Qxd2 18. Rxd2 Rad8 19. Rc2 Rd7 20. Bf3 Nd3 21.
Rd1 Rfd8 22. Bc6 Rd6 23. Rcd2 Be5 24. Ba3 Rxc6 25. c4 b5 26. cxb5 Rc3 27. Kf1
Rd5 28. Ke2 Nxf2 29. Kxf2 Rxb5 30. Rd8+ Kg7 31. Bf8+ Kf6 32. Kg1 Bc7 33. R8d7
Bb6+ 34. Kh1 Rc2 35. g4 Rxa2 36. g5+ Kxg5 37. Rxf7 Kg4 38. Rxh7 Rh5 39. Rxh5
gxh5 40. Bd6 Re2 41. b4 h4 42. Bc5 e5 43. Rd3 Bxc5 44. h3+ Kf4 45. bxc5 Rc2 46.
Ra3 Rxc5 47. Rxa7 e4 48. Kg2 Rc2+ 49. Kf1 Kf3 50. Rf7+ Kg3 51. Re7 Rf2+ 52. Ke1
Rf4 53. Ke2 Kxh3 54. Ke3 Kg3 55. Rh7 Rg4 0-1

[Event "4th London Classic Open"]
[Site "London ENG"]
[Date "2012.12.09"]
[Round "9"]
[White "Schneider, Igor"]
[Black "Grant, Jonathan I M"]
[Result "0-1"]
[WhiteTitle "FM"]
[WhiteElo "2376"]
[BlackElo "2217"]
[WhiteFideId "2019043"]
[BlackFideId "2400294"]
[EventDate "2012.12.01"]

1. e4 c6 2. d4 d5 3. Nd2 dxe4 4. Nxe4 Bf5 5. Ng3 Bg6 6. h4 h6 7. Nf3 Nd7 8. h5
Bh7 9. Bd3 Bxd3 10. Qxd3 e6 11. Bf4 Qa5+ 12. Bd2 Bb4 13. c3 Be7 14. c4 Qc7 15.
O-O-O Ngf6 16. Ne4 Nxe4 17. Qxe4 Nf6 18. Qe2 b5 19. Kb1 bxc4 20. Qxc4 O-O 21. g4
Nh7 22. Rc1 Rfc8 23. Ne5 c5 24. Rhe1 Bd6 25. Bc3 Qb7 26. Rcd1 cxd4 27. Qxd4 Bc5
28. Qd2 Nf6 29. Ba5 Rab8 30. Nd3 Bd4 31. Ka1 e5 32. Rb1 Ne4 33. Qb4 Qd5 34. Qa3
Nd6 35. Bb4 Nc4 36. Qa4 a5 37. Ba3 Qf3 38. Red1 e4 39. Ne1 Qxf2 40. Nc2 Bf6 41.
Rf1 Qb6 42. Qb3 Qc6 43. Qg3 Nd2 44. Ne3 Nxf1 45. Nxf1 Qc2 46. Ne3 Qxb2+ 47. Bxb2
Bxb2+ 0-1

[Event "4th London Classic Open"]
[Site "London ENG"]
[Date "2012.12.09"]
[Round "9"]
[White "Kojima, Shinya"]
[Black "Eriksson, Jorgen"]
[Result "1-0"]
[WhiteTitle "FM"]
[WhiteElo "2340"]
[BlackElo "2213"]
[WhiteFideId "7000812"]
[BlackFideId "1701967"]
[EventDate "2012.12.01"]

1. Nf3 f5 2. d3 d6 3. e4 e5 4. Nc3 Nc6 5. exf5 Bxf5 6. d4 exd4 7. Nxd4 Nxd4 8.
Qxd4 Nf6 9. Bg5 Be7 10. O-O-O O-O 11. Bc4+ Kh8 12. Rhe1 Qd7 13. g4 Bxg4 14. Rxe7
Qxe7 15. Nd5 Qe5 16. Bxf6 Rxf6 17. Qxg4 Rxf2 18. Nxc7 Raf8 19. Ne6 R8f5 20. Qh4
g5 21. Qh5 d5 22. Rxd5 Rf1+ 23. Rd1 Rxd1+ 24. Qxd1 h6 25. a4 Kh7 26. Qd7+ Kg6
27. Qe8+ Kh7 28. Kb1 Qe1+ 29. Ka2 1-0

[Event "4th London Classic Open"]
[Site "London ENG"]
[Date "2012.12.09"]
[Round "9"]
[White "Bates, Caspar J"]
[Black "Chapman, Terry P D"]
[Result "0-1"]
[WhiteElo "2200"]
[BlackElo "2279"]
[WhiteFideId "414760"]
[BlackFideId "413399"]
[EventDate "2012.12.01"]

1. e4 c6 2. Nc3 d5 3. Nge2 d4 4. Nb1 c5 5. Ng3 e5 6. Bb5+ Nd7 7. O-O Ne7 8. f4
exf4 9. Nh5 Ng6 10. d3 a6 11. Ba4 b5 12. Bb3 Nde5 13. Nxf4 Bd6 14. Bd5 Rb8 15.
Qe1 O-O 16. Nxg6 Nxg6 17. Nd2 Nf4 18. Bb3 Qg5 19. g3 Nh3+ 20. Kh1 Qh5 21. Nf3 c4
22. dxc4 Bb7 23. c3 Rbe8 24. Bc2 f5 25. cxd4 fxe4 26. Nh4 e3+ 27. d5 Rxf1+ 28.
Qxf1 e2 29. Qe1 bxc4 30. Kg2 Qg4 0-1

[Event "4th London Classic Open"]
[Site "London ENG"]
[Date "2012.12.09"]
[Round "9"]
[White "Coleman, David J"]
[Black "Stone, Andrew M"]
[Result "1-0"]
[WhiteTitle "CM"]
[WhiteElo "2268"]
[BlackElo "2203"]
[WhiteFideId "402087"]
[BlackFideId "404985"]
[EventDate "2012.12.01"]

1. e4 e6 2. d4 d5 3. Nc3 Nf6 4. e5 Nfd7 5. f4 c5 6. Nf3 Nc6 7. Be3 Be7 8. Ne2
O-O 9. c3 cxd4 10. Nexd4 Nc5 11. g3 Ne4 12. Bd3 f5 13. exf6 Nxf6 14. Qc2 h6 15.
O-O-O Bd7 16. Kb1 Rc8 17. Qg2 Nxd4 18. Bxd4 Bd6 19. Rhe1 b5 20. Ne5 Bxe5 21.
Rxe5 Qe8 22. Rde1 Qf7 23. g4 Ne4 24. R5xe4 dxe4 25. Qxe4 Rfd8 26. Qh7+ Kf8 27.
f5 exf5 28. Qh8+ Qg8 29. Bxg7+ Kf7 30. Qxh6 Rc6 31. Qh4 Re6 32. Rxe6 Kxe6 33.
gxf5+ Kf7 34. Qf6+ Ke8 35. Be2 Bxf5+ 36. Kc1 Qf7 37. Bxb5+ Bd7 38. Qe5+ Qe7 39.
Qh5+ Qf7 40. Qe5+ Qe7 41. Qh5+ Qf7 42. Qh8+ Ke7 43. Qh4+ Ke8 44. Be2 Bf5 45. Bf6
Rc8 46. Bb5+ Kf8 47. Qh6+ 1-0

[Event "4th London Classic Open"]
[Site "London ENG"]
[Date "2012.12.09"]
[Round "9"]
[White "Tan, Justin2"]
[Black "Luncasu, Raul-Ionut"]
[Result "1-0"]
[WhiteElo "2239"]
[BlackElo "2118"]
[WhiteFideId "3206882"]
[BlackFideId "1206222"]
[EventDate "2012.12.01"]

1. e4 c5 2. Nf3 e6 3. d4 cxd4 4. Nxd4 a6 5. c4 Bc5 6. Be3 d6 7. Nc3 Nf6 8. Be2
Nbd7 9. a3 Ba7 10. O-O Qc7 11. Rc1 O-O 12. b4 b6 13. Qd2 Bb7 14. f3 Rac8 15. Rc2
Bb8 16. Bf2 Rfd8 17. Nd5 exd5 18. cxd5 Nc5 19. bxc5 dxc5 20. Bg3 Qd7 21. Nf5
Bxg3 22. hxg3 h6 23. d6 Rb8 24. g4 Nh7 25. Qc3 f6 26. Ne7+ Kf8 27. Qc4 Qxd6 28.
Ng6+ Ke8 29. Rd1 Qxd1+ 30. Bxd1 Rxd1+ 31. Kh2 Kd7 32. Qf7+ Kc6 33. Ne7+ Kd6 34.
Qxg7 Ng5 35. Qxf6+ Kd7 36. Qf5+ Ne6 37. Nd5 Rf8 38. Qh7+ Kc6 39. Nb4+ 1-0

[Event "4th London Classic Open"]
[Site "London ENG"]
[Date "2012.12.09"]
[Round "9"]
[White "Seymour, Timothy P"]
[Black "McDonald, Neil"]
[Result "0-1"]
[BlackTitle "GM"]
[WhiteElo "2093"]
[BlackElo "2454"]
[WhiteFideId "412112"]
[BlackFideId "400629"]
[EventDate "2012.12.01"]

1. e4 e6 2. d4 d5 3. Nd2 dxe4 4. Nxe4 Bd7 5. c4 Nf6 6. Nc3 Bb4 7. Nf3 c5 8. d5
O-O 9. Be2 exd5 10. cxd5 Re8 11. O-O Bg4 12. h3 Bh5 13. Bc4 Nbd7 14. g4 Bxc3 15.
bxc3 Bg6 16. Bd3 c4 17. Bxc4 Rc8 18. Bb3 Rxc3 19. Be3 Rd3 20. Qc1 Nxd5 21. Bxa7
Nc3 22. Kg2 Be4 23. Be3 Qf6 0-1

[Event "4th London Classic Open"]
[Site "London ENG"]
[Date "2012.12.09"]
[Round "9"]
[White "Arvola, Benjamin"]
[Black "Moloney, Nicholas R"]
[Result "0-1"]
[WhiteTitle "FM"]
[WhiteElo "2285"]
[BlackElo "2168"]
[WhiteFideId "1506536"]
[BlackFideId "405558"]
[EventDate "2012.12.01"]

1. e4 c6 2. Nf3 d5 3. Nc3 Bg4 4. h3 Bxf3 5. Qxf3 Nf6 6. Be2 e6 7. O-O Nbd7 8.
Rb1 Bd6 9. d4 dxe4 10. Nxe4 Nxe4 11. Qxe4 Nf6 12. Qd3 Qc7 13. Bf3 O-O 14. b4 Nd5
15. a3 b5 16. c4 bxc4 17. Qxc4 Rfc8 18. Bd2 Rab8 19. Qd3 Rb6 20. Rbc1 Qb7 21.
Rc4 a5 22. bxa5 Rb3 23. Qc2 Rb2 24. Qd3 Rb3 25. Qe4 Bxa3 26. Bd1 Rb2 27. Bc2 g6
28. Ra1 Qa6 29. Qd3 Bd6 30. Be1 Bb4 31. Rxb4 Qxd3 32. Bxd3 Nxb4 33. Be4 Nc2 34.
Bxc2 Rxc2 35. Bb4 Rc4 36. Bc5 e5 37. a6 exd4 38. Bd6 d3 39. Rd1 Rd4 40. Bc5 Rd5
41. Bb6 c5 42. Ba5 c4 43. Bc3 Rb5 44. Ra1 Rb3 45. a7 Rxc3 46. a8=Q Rxa8 47.
Rxa8+ Kg7 48. Rd8 Rc2 0-1

[Event "4th London Classic Open"]
[Site "London ENG"]
[Date "2012.12.09"]
[Round "9"]
[White "Holzhauer, Bjoern"]
[Black "Ledger, Dave J"]
[Result "1/2-1/2"]
[BlackTitle "FM"]
[WhiteElo "2153"]
[BlackElo "2266"]
[WhiteFideId "20605544"]
[BlackFideId "401986"]
[EventDate "2012.12.01"]

1. d4 Nf6 2. c4 g6 3. Nc3 Bg7 4. e4 d6 5. f4 O-O 6. Nf3 c5 7. Be2 cxd4 8. Nxd4
Nc6 9. Be3 Bg4 10. Nxc6 Bxe2 11. Nxd8 Bxd1 12. Rxd1 Rfxd8 13. Ke2 Rdc8 14. c5
Ng4 15. cxd6 Nxe3 16. Kxe3 exd6 17. Kd3 Rc6 18. Nd5 Kf8 19. Rd2 Rac8 20. b3 Rc5
21. Ke3 Re8 22. Kf3 a5 23. Rhd1 a4 24. Nb6 Rc3+ 25. Rd3 axb3 26. Rxc3 Bxc3 27.
axb3 Bb4 28. Rd5 Rd8 29. Rb5 Bc5 30. Nd5 Rd7 31. Nf6 Rc7 32. Nxh7+ Kg7 33. Ng5
Bg1 34. Kg3 Rc3+ 35. Nf3 b6 36. b4 Rb3 37. Kg4 Bc5 38. Nd2 Rxb4 39. Rxb4 Bxb4
40. Nb3 Bc3 41. Kf3 Kf6 42. Ke3 Ke6 43. Kd3 Bg7 44. Nd4+ Bxd4 45. Kxd4 f5 46. h3
b5 47. g4 fxe4 48. Kxe4 d5+ 49. Kd4 b4 50. h4 Kf6 51. Kd3 Kg7 52. Kd4 Kf6 1/2-1/2

[Event "4th London Classic Open"]
[Site "London ENG"]
[Date "2012.12.09"]
[Round "9"]
[White "Eames, Robert S"]
[Black "Josse, Mark"]
[Result "1/2-1/2"]
[WhiteTitle "FM"]
[WhiteElo "2263"]
[BlackElo "2142"]
[WhiteFideId "408743"]
[BlackFideId "414476"]
[EventDate "2012.12.01"]

1. d4 Nf6 2. c4 g6 3. Nc3 Bg7 4. e4 d6 5. f3 O-O 6. Bg5 a6 7. Qd2 Nbd7 8. Nh3 c6
9. Nf2 b5 10. b3 Qa5 11. Rc1 Re8 12. Be2 Rb8 13. O-O c5 14. d5 bxc4 15. bxc4 Nb6
16. f4 h6 17. Bh4 Na4 18. e5 Nd7 19. Nfe4 Rb2 20. Rc2 Rxc2 21. Qxc2 Nxc3 22.
Nxc3 dxe5 23. f5 g5 24. Be1 e4 25. Nxe4 Bd4+ 26. Kh1 Qb6 27. h4 Nf6 28. Bd2 Qb2
29. Qxb2 Bxb2 30. Nxc5 Kg7 31. g4 gxh4 32. Kg2 Bd4 33. Nb3 Be5 34. Bf4 Bxf4 35.
Rxf4 Rd8 36. Nd4 Bb7 37. Kh3 Rc8 38. Kxh4 Nd7 39. Re4 Kf6 40. Kg3 Ne5 41. Nf3
Nxf3 42. Bxf3 Rc5 43. Kf4 Bc8 44. Ke3 Ra5 45. Kd4 Rxa2 46. Kc5 a5 47. Kb6 a4 48.
c5 a3 49. Ra4 h5 50. c6 hxg4 51. Bxg4 Bxf5 52. Bxf5 Kxf5 53. c7 Rc2 54. Kb7 Ke5
55. c8=Q Rxc8 56. Kxc8 Kxd5 57. Kd7 e5 58. Ke7 e4 59. Rxa3 Kd4 60. Kxf7 1/2-1/2

[Event "4th London Classic Open"]
[Site "London ENG"]
[Date "2012.12.09"]
[Round "9"]
[White "Stephan, Axel"]
[Black "Lee, Kai Jie Edward"]
[Result "1-0"]
[WhiteElo "2233"]
[BlackElo "2165"]
[WhiteFideId "4632834"]
[BlackFideId "5802920"]
[EventDate "2012.12.01"]

1. Nf3 Nf6 2. g3 d5 3. Bg2 c6 4. O-O Bg4 5. b3 Nbd7 6. Bb2 Bxf3 7. Bxf3 e5 8. d3
Bd6 9. Nd2 Qe7 10. a3 Nc5 11. e3 Rd8 12. Bg2 O-O 13. Qe2 b5 14. e4 dxe4 15. Nxe4
Nfxe4 16. Bxe4 Nxe4 17. Qxe4 Qd7 18. Rfe1 f5 19. Qf3 Rde8 20. a4 b4 21. Re2 Re7
22. Rae1 Qe8 23. Qg2 f4 24. f3 Qh5 25. g4 Qg5 26. Qf2 h5 27. h4 Qg6 28. g5 Rfe8
29. Re4 Qf5 30. Kh2 c5 31. R1e2 Re6 32. Bc1 Kf7 33. Bd2 a5 34. Qg1 R8e7 35. Be1
Kg6 36. Bf2 Rc7 37. Rc4 Qf8 38. Ree4 Re8 39. Qe1 Ree7 40. Kg2 Qf7 41. Qg1 Qd5
42. Kf1 Rf7 43. Ke2 Rfd7 44. Kd1 Rf7 45. Kc1 Rfd7 46. Kb1 Rf7 47. Ka2 Rfe7 48.
Be1 Red7 49. Bd2 Rf7 50. Bc1 Rfe7 51. Bb2 Qe6 52. Qf1 Kf7 53. Re2 g6 54. Rce4
Re8 55. Bc1 Qf5 56. Bxf4 Rce7 57. Bc1 Kg8 58. Bb2 Re6 59. R2e3 R6e7 60. Ba1 Kh7
61. Qc1 Qf7 62. Qb2 Rf8 63. Kb1 Rg8 64. Qc1 Rge8 65. Qe1 Qf5 66. f4 c4 67. dxc4
Re6 68. Bxe5 Bc5 69. Rd3 R6e7 70. Rd5 Bb6 71. Ka2 Qh3 72. Re2 Bc7 73. Qf2 Qf5
74. Qe3 Qg4 75. Rh2 Qe6 76. Qd3 Qg4 77. Bxc7 Rxc7 78. f5 gxf5 79. Rd7+ Re7 80.
Rxc7 Rxc7 81. Qd6 Rg7 82. Rd2 Qxh4 83. Qh6+ Kg8 84. Rd8+ 1-0

[Event "4th London Classic Open"]
[Site "London ENG"]
[Date "2012.12.09"]
[Round "9"]
[White "Quinn, John M"]
[Black "Jackson, James P"]
[Result "0-1"]
[WhiteElo "2127"]
[BlackElo "2222"]
[WhiteFideId "405043"]
[BlackFideId "416860"]
[EventDate "2012.12.01"]

1. d4 d5 2. c4 e6 3. Nc3 c5 4. cxd5 exd5 5. Nf3 Nc6 6. dxc5 d4 7. Na4 Bxc5 8.
Nxc5 Qa5+ 9. Bd2 Qxc5 10. Rc1 Qb6 11. e3 Nf6 12. Nxd4 Nxd4 13. exd4 O-O 14. Bc4
Be6 15. Qb3 Bxc4 16. Rxc4 Rfe8+ 17. Be3 Qa5+ 18. Qc3 Qxa2 19. O-O Nd5 20. Qc2
Qa6 21. Rc5 Qe6 22. Qc4 Rad8 23. Bd2 b6 24. Rc6 Qe2 25. Qxe2 Rxe2 26. Rd1 a5 27.
Kf1 Re4 28. Bg5 f6 29. f3 fxg5 30. fxe4 Ne3+ 31. Ke2 Nxd1 32. d5 Nxb2 33. Rxb6
Nc4 34. Ra6 Rc8 35. Kd3 a4 36. Kd4 a3 37. e5 Kf7 38. Ra7+ Kg6 39. d6 Nb6 40.
Rxa3 Kf5 41. Ra7 Rc4+ 42. Kd3 Kxe5 43. Rxg7 h6 0-1

[Event "4th London Classic Open"]
[Site "London ENG"]
[Date "2012.12.09"]
[Round "9"]
[White "Hanssen, Gunnar Berg"]
[Black "Jyothilal, N."]
[Result "1-0"]
[WhiteElo "2207"]
[BlackElo "2038"]
[WhiteFideId "1501534"]
[BlackFideId "5002605"]
[EventDate "2012.12.01"]

1. Nf3 Nf6 2. c4 g6 3. d4 d5 4. cxd5 Nxd5 5. e4 Nb6 6. h3 Bg7 7. Be2 O-O 8. O-O
Nc6 9. d5 Ne5 10. Nxe5 Bxe5 11. Nc3 Bg7 12. Bg5 f5 13. a4 fxe4 14. a5 Nd7 15. a6
Kh8 16. Nxe4 Nb6 17. Nc5 bxa6 18. Bf3 Qd6 19. Rc1 Rb8 20. Re1 Rf7 21. Bh4 Nd7
22. Ne4 Qb4 23. Bg3 Ne5 24. Bxe5 Bxe5 25. Ng5 Bh2+ 26. Kh1 Rf5 27. Re4 Qxb2 28.
Kxh2 Rxg5 29. d6 cxd6 30. Rxe7 Re5 31. Qxd6 Rxe7 32. Qd8+ Re8 33. Qxe8+ Kg7 34.
Rc7+ Kh6 35. Qf8+ Kg5 36. h4+ 1-0

[Event "4th London Classic Open"]
[Site "London ENG"]
[Date "2012.12.09"]
[Round "9"]
[White "Dale, Ari"]
[Black "Caoili, Arianne"]
[Result "1-0"]
[BlackTitle "WIM"]
[WhiteElo "2122"]
[BlackElo "2202"]
[WhiteFideId "3213145"]
[BlackFideId "5201179"]
[EventDate "2012.12.01"]

1. d4 Nf6 2. c4 c5 3. d5 e5 4. Nc3 d6 5. e4 Nbd7 6. Bd3 Be7 7. Nge2 a6 8. a4 O-O
9. O-O Nh5 10. g4 Nf4 11. Nxf4 exf4 12. Bxf4 Ne5 13. Be2 Bf6 14. Bg3 g5 15. h4
gxh4 16. Bh2 Kh8 17. Kh1 Rg8 18. g5 Qd7 19. f4 Qh3 20. Rg1 h5 21. Qf1 Ng4 22.
Bxg4 Qxf1 23. Raxf1 hxg4 24. gxf6 g3 25. Bxg3 hxg3 26. Kg2 Rg6 27. e5 Bf5 28.
Rh1+ Kg8 29. Rh5 Bg4 30. Rh4 dxe5 31. Rfh1 Kf8 32. Rh8+ Rg8 33. fxe5 Re8 34.
Kxg3 Bf5+ 35. Kf4 Bd3 36. b3 Bc2 37. d6 Bxb3 38. Nd5 Re6 39. d7 1-0

[Event "4th London Classic Open"]
[Site "London ENG"]
[Date "2012.12.09"]
[Round "9"]
[White "Wheldon, Philip"]
[Black "Farrand, Tom"]
[Result "1-0"]
[WhiteElo "2103"]
[BlackElo "2200"]
[WhiteFideId "407402"]
[BlackFideId "406457"]
[EventDate "2012.12.01"]

1. e4 c5 2. Nc3 Nc6 3. f4 a6 4. Nf3 e6 5. g3 d5 6. d3 Nf6 7. Qe2 Be7 8. Bg2 O-O
9. O-O b5 10. Ne5 Nd4 11. Qf2 Bb7 12. exd5 exd5 13. Be3 Rc8 14. Rae1 b4 15. Na4
Qa5 16. b3 Qb5 17. g4 Bd6 18. c4 bxc3 19. Nxc3 Qa5 20. Bd2 Qd8 21. g5 Bxe5 22.
fxe5 Nh5 23. Qh4 g6 24. Bh3 Ne6 25. Bg4 Nhg7 26. Rf6 d4 27. Ne4 Bxe4 28. Rxe4 c4
29. bxc4 Qb6 30. Rf3 Qb1+ 31. Re1 Qc2 32. Bb4 Rfd8 33. Ref1 Rd7 34. Bxe6 Nxe6
35. Rh3 h5 36. gxh6 Kh7 37. Rhf3 Rcc7 38. Bd6 Rb7 39. Qf6 Qxa2 40. c5 Qd5 41. h4
Rb2 42. Rg3 1-0

[Event "4th London Classic Open"]
[Site "London ENG"]
[Date "2012.12.09"]
[Round "9"]
[White "Lenier, Jude A"]
[Black "Wallace, Paul"]
[Result "1/2-1/2"]
[WhiteElo "2069"]
[BlackElo "2193"]
[WhiteFideId "470678"]
[BlackFideId "2500892"]
[EventDate "2012.12.01"]

1. e4 e5 2. Nf3 Nc6 3. Bb5 f5 4. Nc3 fxe4 5. Nxe4 d5 6. Nxe5 dxe4 7. Nxc6 Qd5 8.
c4 Qd6 9. Nxa7+ Bd7 10. Bxd7+ Qxd7 11. Nb5 Nf6 12. O-O Bc5 13. d4 exd3 14. Re1+
Kf7 15. Be3 Bb4 16. Bd2 Bxd2 17. Qxd2 c6 18. Nc3 Qd4 19. Qe3 Rad8 20. Qe6+ Kg6
21. Re3 Rhe8 22. Rg3+ Kh6 23. Rh3+ Kg6 24. Rg3+ Kh6 25. Rh3+ Kg6 26. Rg3+ 1/2-1/2

[Event "4th London Classic Open"]
[Site "London ENG"]
[Date "2012.12.09"]
[Round "9"]
[White "Whitehead, David J"]
[Black "Jaunooby, Ali R"]
[Result "1/2-1/2"]
[WhiteElo "2059"]
[BlackElo "2178"]
[WhiteFideId "406813"]
[BlackFideId "413291"]
[EventDate "2012.12.01"]

1. e4 d5 2. exd5 Nf6 3. d4 Nxd5 4. Nf3 g6 5. c4 Nb6 6. Nc3 Bg7 7. c5 N6d7 8. Bc4
O-O 9. O-O b6 10. Re1 h6 11. Qd3 e6 12. Bf4 bxc5 13. d5 Nb6 14. dxe6 Qxd3 15.
Bxd3 Bxe6 16. Bxc7 Nd5 17. Nxd5 Bxd5 18. Be5 Nc6 19. Bxg7 Kxg7 20. Be4 Rfd8 21.
Bxd5 Rxd5 22. a3 Rb8 23. Re2 Na5 24. Rc1 g5 25. h3 h5 26. g4 Kf6 27. Rc3 c4 28.
Kg2 Rd3 29. Rxd3 cxd3 30. Rd2 hxg4 31. hxg4 Nc4 32. Rxd3 Rxb2 33. Rc3 Nd6 34.
Rc6 Rb6 35. Rc5 Ra6 36. Nxg5 Rxa3 37. f3 Rb3 38. Kf2 Rb5 39. Rc6 Ke7 40. Ne4
Nxe4+ 41. fxe4 a5 42. Ra6 f6 43. Ke3 Rb3+ 44. Kf4 Ra3 45. g5 fxg5+ 46. Kxg5 Kd7
47. e5 a4 48. e6+ Ke7 49. Kf5 Rf3+ 50. Ke5 Re3+ 51. Kd5 a3 52. Kc4 Rxe6 53.
Rxe6+ Kxe6 54. Kb3 a2 55. Kxa2 1/2-1/2

[Event "4th London Classic Open"]
[Site "London ENG"]
[Date "2012.12.09"]
[Round "9"]
[White "Skutta, Bernd"]
[Black "Croad, Nicolas"]
[Result "0-1"]
[BlackTitle "FM"]
[WhiteElo "2067"]
[BlackElo "2282"]
[WhiteFideId "4666950"]
[BlackFideId "4300793"]
[EventDate "2012.12.01"]

1. d4 Nf6 2. Nf3 e6 3. Bf4 b6 4. e3 Bb7 5. Be2 c5 6. O-O Be7 7. c4 cxd4 8. exd4
O-O 9. Nc3 d5 10. Rc1 dxc4 11. Bxc4 Na6 12. Qe2 Nb4 13. Rfd1 Rc8 14. Ne5 Nbd5
15. Nxd5 Nxd5 16. Bd2 Bg5 17. Nf3 Nf4 18. Bxf4 Bxf4 19. Rc3 Re8 20. Ra3 Bxf3 21.
Rxf3 Bxh2+ 22. Kh1 Bd6 23. Ba6 Qg5 24. g3 Rcd8 25. Kg2 g6 26. Qe4 Bf8 27. Rfd3
Re7 28. Bb7 Bg7 29. Bc6 h5 30. b3 Rd6 31. f4 Qa5 32. R1d2 Bf6 33. a4 Kg7 34. Kf3
a6 35. Kg2 b5 36. axb5 axb5 37. Qf3 Qb6 38. d5 b4 39. Qf2 Qa5 40. Ra2 Qc7 41.
Rad2 Bc3 42. Rd1 Qa5 43. Kh3 Bf6 44. Qf3 Ra7 45. Qe4 Qc5 46. Qe3 Qxe3 47. Rxe3
Ra3 48. Red3 Bc3 49. Ba4 Ra2 50. dxe6 Rxe6 51. Bb5 Ree2 52. Rh1 Rf2 53. Bc4 f6
54. Rd7+ Kh6 55. Rd6 g5 56. fxg5+ Kxg5 57. Rd3 Be5 58. Bd5 Rac2 59. Bf3 Rcd2 60.
Rxd2 Rxf3 61. Rg2 Rxb3 62. Re1 h4 63. Re4 hxg3 64. Rd2 Rb1 65. Kg2 b3 66. Rb4 b2
67. Rb5 Kg4 68. Rb4+ Kf5 69. Re2 Rd1 70. Rxe5+ Kxe5 71. Rxb2 Rd3 72. Rb5+ Kf4
73. Rb4+ Kg5 74. Rb5+ f5 75. Rb8 Kg4 76. Rg8+ Kf4 77. Ra8 Rd2+ 78. Kg1 Kg4 79.
Ra4+ Kh3 80. Ra1 f4 81. Rf1 f3 82. Rxf3 Rd1+ 83. Rf1 Rxf1+ 84. Kxf1 Kh2 0-1

[Event "4th London Classic Open"]
[Site "London ENG"]
[Date "2012.12.09"]
[Round "9"]
[White "Guo, Emma"]
[Black "Anderton, Matthew N"]
[Result "0-1"]
[WhiteTitle "WIM"]
[WhiteElo "2000"]
[BlackElo "2210"]
[WhiteFideId "3200795"]
[BlackFideId "403237"]
[EventDate "2012.12.01"]

1. d4 e6 2. Nf3 Nf6 3. c4 c5 4. g3 cxd4 5. Nxd4 Bb4+ 6. Bd2 Be7 7. Bg2 Nc6 8.
Bc3 O-O 9. O-O d5 10. Nd2 Qb6 11. e3 Rd8 12. Qc2 Nxd4 13. Bxd4 Qc7 14. Qc3 b6
15. Be5 Qd7 16. Nb3 Ba6 17. cxd5 Rac8 18. Qd4 Bxf1 19. Rxf1 exd5 20. Rd1 Qf5 21.
Nc1 Ng4 22. Nd3 Rc4 23. e4 Qh5 0-1

[Event "4th London Classic Open"]
[Site "London ENG"]
[Date "2012.12.09"]
[Round "9"]
[White "Ilfeld, Etan"]
[Black "Bass, John W"]
[Result "0-1"]
[WhiteElo "2191"]
[BlackElo "2065"]
[WhiteFideId "2803470"]
[BlackFideId "407925"]
[EventDate "2012.12.01"]

1. e4 c5 2. Nf3 e6 3. d4 cxd4 4. Nxd4 a6 5. g3 Nc6 6. Bg2 Qc7 7. O-O Nf6 8. c4
Nxd4 9. Qxd4 Bc5 10. Qd3 d6 11. b3 Bd7 12. Bb2 e5 13. Nc3 O-O 14. Rad1 Rab8 15.
a3 Rfc8 16. h3 b5 17. cxb5 axb5 18. b4 Bd4 19. Nd5 Nxd5 20. Bxd4 exd4 21. exd5
Qc3 22. Qxd4 Qxd4 23. Rxd4 Rc3 24. Re4 Kf8 25. Re3 Rxe3 26. fxe3 Rc8 27. Ra1 Rc2
28. g4 Ke7 29. e4 Kf6 30. Rf1+ Ke7 31. Rf2 Rxf2 32. Kxf2 Kf6 33. Bf1 Ke5 34. Ke3
g5 35. Bd3 h6 36. Bf1 f6 37. Be2 Be8 38. Bd1 Bd7 39. Bb3 Be8 40. Bc2 Bd7 41. Bd3
Be8 42. a4 bxa4 43. b5 a3 44. b6 a2 45. b7 a1=Q 46. b8=Q Qe1+ 47. Be2 Qc3+ 48.
Kf2 Ba4 49. Qd8 Qd4+ 50. Kf1 Qa1+ 51. Kg2 Kxe4 52. Qxd6 Qc3 53. Qe6+ Qe5 54.
Bf3+ Kf4 55. Qa6 Qb2+ 56. Be2 Bc2 57. Qd6+ Qe5 58. Qe6 Be4+ 59. Kh2 Bxd5 60.
Qxe5+ fxe5 61. Ba6 e4 62. Kg2 e3+ 63. Kf1 Bf3 64. Be2 Kg3 65. Bxf3 Kxf3 66. Ke1
e2 67. h4 gxh4 68. g5 hxg5 0-1

[Event "4th London Classic Open"]
[Site "London ENG"]
[Date "2012.12.09"]
[Round "9"]
[White "Andreev, Peter"]
[Black "Iwanow, Anna"]
[Result "1/2-1/2"]
[BlackTitle "WIM"]
[WhiteElo "2017"]
[BlackElo "2188"]
[WhiteFideId "406350"]
[BlackFideId "1135988"]
[EventDate "2012.12.01"]

1. e4 e5 2. Nf3 Nc6 3. d4 exd4 4. Nxd4 Bc5 5. Nxc6 bxc6 6. Nc3 Qf6 7. Qf3 Qxf3
8. gxf3 Rb8 9. Na4 Bd4 10. c3 Bf6 11. Be3 d6 12. O-O-O Bd7 13. b3 c5 14. Kc2 Ne7
15. Nb2 Ng6 16. Nc4 Bc6 17. Rg1 O-O 18. Bg5 Bxg5 19. Rxg5 f6 20. Rg3 f5 21. exf5
Rxf5 22. Bd3 Rxf3 23. Rxf3 Bxf3 24. Re1 Bh5 25. Bxg6 Bxg6+ 26. Kd2 Rf8 27. Ke2
Rf4 28. f3 Rh4 29. Rh1 Kf7 30. Kf2 Bf5 31. Ne3 Bd7 32. Kg3 Rh3+ 33. Kg2 Rh6 34.
Re1 Rg6+ 35. Kf2 Bc6 36. Nf5 d5 37. Ne3 Re6 38. Rd1 Rd6 39. Ng4 Ba8 40. Ne5+ Kf6
41. Nd3 Ra6 42. a4 Rc6 43. Nf4 Rd6 44. Nd3 Rc6 1/2-1/2

[Event "4th London Classic Open"]
[Site "London ENG"]
[Date "2012.12.09"]
[Round "9"]
[White "Casaschi, Paolo"]
[Black "Steil-Antoni, Fiona"]
[Result "0-1"]
[BlackTitle "WIM"]
[WhiteElo "2005"]
[BlackElo "2169"]
[WhiteFideId "824895"]
[BlackFideId "4001249"]
[EventDate "2012.12.01"]

1. e4 e6 2. d4 d5 3. Nd2 Nf6 4. e5 Nfd7 5. f4 c5 6. c3 Nc6 7. Ndf3 Qb6 8. Ne2
Be7 9. a3 O-O 10. h4 a5 11. Qd3 Re8 12. g3 a4 13. Bh3 Nf8 14. O-O Na5 15. f5 Nb3
16. Rb1 Bd7 17. fxe6 fxe6 18. Be3 Bb5 19. Qc2 cxd4 20. Nexd4 Bxf1 21. Rxf1 Nxd4
22. Nxd4 Bc5 23. Qf2 Bxd4 24. Qf7+ Kh8 25. Bxd4 Qc6 26. Be3 Qd7 27. Qf2 Ng6 28.
h5 Rf8 29. Qe1 Rxf1+ 30. Bxf1 Nxe5 31. h6 Nf3+ 0-1